Statistics for Emilia Clarke Filmography

Click here to take the quiz!

General Stats

  • This quiz has been taken 49 times
    (23 since last reset)
  • The average score is 11 of 33

Answer Stats

TypeYearName% Correct
Video Game2014Game of Thrones
95%
TV Show2011-2019Game of Thrones
95%
Film2016Me Before You
79%
Commercial2017Dolce & Gabbana: The One
63%
Film2019Last Christmas
63%
Film2018Solo: A Star Wars Story
63%
Film2015Terminator Genisys
58%
Web Mini-Series2023Secret Invasion
53%
TV Show2019Saturday Night Live
47%
TV Show2009Doctors
37%
Film2019Above Suspicion
32%
Film2013Dom Hemingway
26%
Film2022National Theatre Live: The Seagull
26%
Theater2022The Seagull
26%
TV Film2010Triassic Attack
26%
Theater2013Breakfast at Tiffany's
21%
Film2023The Pod Generation
21%
Film2017Voice from the Stone
21%
TV Show2017Animals.
16%
TV Show2013Futurama
16%
TV Short2018Leading Lady Parts
16%
Short Film2009Lisa's Story
16%
Theater2020Private Lives
16%
TV Show2016Robot Chicken
16%
Short Film2012Shackled
16%
Film2012Spike Island
16%
Film2022The Amazing Maurice
16%
TV Show2017Thunderbirds Are Go
16%
FilmTBAAn Ideal Wife
11%
Commercial2021Clinique
11%
Short Film2009Drop the Dog
11%
FilmTBAMcCarthy
11%
Film2020Murder Manual
5%

Score Distribution

Percentile by Number Answered

Percent of People with Each Score

Your Score History

You have not taken this quiz since the last reset